000 00553nam a2200229Ia 4500
005 20250425160714.0
008 250425s9999 xx 000 0 und d
020 _a0201044293
041 _aeng
082 _a428
100 _aMELLGREN, LARS
245 0 _aNEW HORIZONS IN ENGLISH : WORKBOOK 5
250 _aS.E.
260 _aEstados Unidos
_bADDISON - WESLEY
_c1974
260 _aREADING
300 _a61
650 _aINGLES BASICO
650 _aINGLES BASICO-EJERCICIOS
650 _aINGLES-GRAMATICA
942 _c01
010 _a2982
999 _c194497
_d194497